000 00327nam a2200133Ia 4500
008 230801s9999||||xx |||||||||||||| ||und||
020 _a9780007251513
082 _a813.54
_bK828
100 _aKoontz, Dean
245 0 _aForever odd
260 _aNew Delhi
_bHarper Collins Publishers
_c2006
300 _a334 p.
942 _cBK
999 _c27076
_d27076